Obfuscations of Video Game Titles #2 - Statistics

General Stats
  • This quiz has been taken 131 times
  • The average score is 8 of 15
Answer Stats
Obfuscation Video Game % Correct
Contained motorsport racing around a looping track regarding an Italian plumber Mario Kart
88%
The compound word composed of the act of collecting materials while spelunking and the act of amalgamating new products from bare materials Minecraft
83%
A holy, circular, golden symbol often attributed to a winged messenger or attendant of God Halo
72%
Those among a group of people including the speaker which happen to be the final ones remaining of a larger group of people The Last of Us
67%
A telecommunication sent with the purpose of alerting someone of their mandatory military service Call of Duty
65%
The last and ultimate imagined reality conceived by someone Final Fantasy
64%
Spending the majority of a week's dark hours inside an establishment named after a particular Frederick Five Nights at Freddy's
60%
The corporation concerning a bacterial infliction often spread by rodent fleas or rabid animals Plague Inc.
50%
Various interstellar creatures that aim to encroach on your territory Space Invaders
50%
A mad dash away from a general building used for worship in various different religions Temple Run
50%
The game representing and commemorating the legacy of a revered commentator and coach Madden NFL
49%
A person who performs unsolicited incursions on a sepulcher Tomb Raider
43%
Jamming out during the late hours of the penultimate day of an American week Friday Night Funkin'
30%
The Latin phrase denoting the existence of the only continent beginning with the alphabet's fifth glyph everywhere across the world Europa Universalis
25%
A harmful movement or attack with intent to enact revenge against another person who performed a similar action Counter-Strike
22%
No matching quizzes found
Score Distribution
Percent of People with Each Score
Percentile by Number Answered
Your Score History
You have not taken this quiz